Statistics for Chance the Rapper

Click here to take the quiz!

General Stats

  • This quiz has been taken 538 times
  • The average score is 6 of 8

Answer Stats

Hint Answer % Correct
What city is he from?Chicago
97%
Name of third mixtape(most recent)Coloring Book
95%
Name of second mixtapeAcid Rap
94%
Name of first mixtape10 Day
83%
How many Grammys did Chance receive for the above?7
72%
Chance turned down a record deal with this fellow rapper/friendKanye West
72%
His real nameChancelor Bennett
53%
Chance was supposed to have a collab with this rapper, but then it fell throughChildish Gambino
40%

Score Distribution

Percentile by Number Answered

Percent of People with Each Score

Your Score History

You have not taken this quiz